01422nam a2200397Ia 4500001001200000003000800012006001900020007001500039008004100054020001800095020001800113020002600131020002700157020002200184020002200206020002200228020002200250040002100272035002100293050002400314100002100338245007000359260003000429300001500459490003700474504003900511533015200550650003400702650004200736650001900778655002900797710001700826830003800843856012600881999001701007ebr10224702CaPaEBRm u cr cn|||||||||960531s1995 enk sb 001 0 eng d z9780304327232 z9781847143778 z0304327212 (hardback) z0304327239 (paperback) z0304327239 (hbk.) z0304327212 (pbk.) z0304327239 (pbk.) z0304327212 (hbk.) aCaPaEBRcCaPaEBR a(OCoLC)29057388614aLC149b.C357 1995eb1 aCairney, Trevor.10aPathways to literacyh[electronic resource] /cTrevor H. Cairney. aLondon :bCassell,c1995. axi, 212 p.1 aChildren, teachers, and learning aIncludes bibliography and indexes. aElectronic reproduction.bPalo Alto, Calif. :cebrary,d2009.nAvailable via World Wide Web.nAccess may be limited to ebrary affiliated libraries. 0aLiteracyxStudy and teaching. 0aEnglish languagexStudy and teaching. 0aLanguage arts. 7aElectronic books.2local2 aebrary, Inc. 0aChildren, teachers, and learning.40uhttp://site.ebrary.com/lib/rucke/Doc?id=10224702zAn electronic book accessible through the World Wide Web; click to view c26363d26363